[Event "Titled Tue 1st Jul Late"]
[Site "chess.com INT"]
[Date "2025.07.01"]
[Round "5"]
[White "Alvarado, Carlos"]
[Black "Vigoa Apecheche, Yanira"]
[Result "1-0"]
[WhiteTitle "CM"]
[BlackTitle "WGM"]
[WhiteElo "2032"]
[BlackElo "2232"]
[WhiteFideId "3800555"]
[BlackFideId "3507041"]
[EventDate "2025.07.01"]

1. Nf3 c5 2. e3 Nc6 3. Bb5 Nf6 4. Bxc6 dxc6 5. h3 g6 6. b3 Bg7 7. Bb2 O-O 8. O-O
a5 9. a4 b5 10. d3 Ba6 11. Nbd2 Rb8 12. Be5 Rb7 13. Re1 Nd5 14. Bxg7 Kxg7 15.
Ne4 Qb6 16. d4 cxd4 17. Qxd4+ Qxd4 18. Nxd4 Nb4 19. Nc5 Rb6 20. axb5 Bxb5 21. c4
e5 22. Nde6+ fxe6 23. Nxe6+ Kf7 24. Nxf8 Kxf8 25. cxb5 Nc2 26. bxc6 Nxe1 27.
Rxe1 Rxc6 28. Ra1 Rc5 29. g4 Ke7 30. Ra4 Ke6 31. b4 axb4 32. Rxb4 Kd5 33. Kg2 h5
34. g5 Rc6 35. Kg3 Rc8 36. Rb6 Rg8 37. h4 e4 38. Kf4 Rf8+ 39. Rf6 Rxf6+ 40. gxf6
Ke6 41. Kxe4 Kxf6 42. Kf4 Ke6 43. Kg5 Kf7 44. f4 Kg7 45. e4 Kf7 46. Kh6 Kf6 47.
Kh7 Kf7 48. e5 g5 49. fxg5 1-0

[Event "Titled Tue 1st Jul Late"]
[Site "chess.com INT"]
[Date "2025.07.01"]
[Round "5"]
[White "Tang, Austin"]
[Black "Angulo Perez, Sebastian"]
[Result "1-0"]
[BlackTitle "CM"]
[WhiteElo "1979"]
[BlackElo "2025"]
[WhiteFideId "30964580"]
[BlackFideId "6544045"]
[EventDate "2025.07.01"]

1. d4 Nf6 2. c4 e6 3. Nf3 d5 4. e3 Be7 5. b3 O-O 6. Bd3 b6 7. O-O Bb7 8. cxd5
exd5 9. Bb2 Ne4 10. Ne5 Nd7 11. f3 Nxe5 12. dxe5 Nc5 13. Bc2 a5 14. Nd2 Qd7 15.
a3 Ba6 16. Re1 Nd3 17. Bxd3 Bxd3 18. Nf1 Ba6 19. Ng3 Rad8 20. Qc2 Bc5 21. Rad1
Qc6 22. Kh1 Qe6 23. f4 Bb7 24. f5 Qc6 25. f6 Rfe8 26. Qf2 Re6 27. Nh5 g6 28. Nf4
Ree8 29. e6 fxe6 30. f7+ Kxf7 31. Nxd5+ Kg8 32. Nf6+ Kf7 33. Nd5+ Kg8 34. Qf6 e5
35. Bxe5 Qxf6 36. Nxf6+ Kf7 37. Nxe8 Rxe8 38. Bxc7 Rxe3 39. Rxe3 Bxe3 40. Rd6
Bc5 41. Rd7+ Kf6 42. Bd8+ 1-0

[Event "Titled Tue 1st Jul Late"]
[Site "chess.com INT"]
[Date "2025.07.01"]
[Round "5"]
[White "Diano, Eden"]
[Black "Borges, Wagner da Silva"]
[Result "1-0"]
[BlackTitle "CM"]
[WhiteElo "2086"]
[BlackElo "2062"]
[WhiteFideId "5203708"]
[BlackFideId "2100401"]
[EventDate "2025.07.01"]

1. d4 Nf6 2. c4 e6 3. a3 d5 4. Nc3 c6 5. c5 b6 6. b4 a5 7. Bg5 Nbd7 8. Nf3 Be7
9. e3 O-O 10. Bd3 Qc7 11. Bf4 Qa7 12. O-O bxc5 13. bxc5 Ba6 14. Rb1 Bxd3 15.
Qxd3 Rfe8 16. Rb2 Bf8 17. h3 h6 18. Rfb1 Qa6 19. Qxa6 Rxa6 20. Na4 Ne4 21. Rb7
Ndf6 22. Ne5 g5 23. Bh2 Nd2 24. R1b6 Raa8 25. Nxf7 Nc4 26. Rb1 e5 27. Nxe5 Nxe5
28. Bxe5 Ne4 29. Nb6 Rad8 30. Nd7 Be7 31. f3 Nc3 32. R1b6 Rc8 33. Nf6+ Bxf6 34.
Bxf6 Rxe3 35. Rg7+ Kf8 36. Rbb7 Re1+ 37. Kf2 Re2+ 38. Kf1 Re6 39. Rbf7+ Ke8 40.
Be7 Nb5 41. Rf8+ Kd7 42. Bd6+ 1-0

[Event "Titled Tue 1st Jul Late"]
[Site "chess.com INT"]
[Date "2025.07.01"]
[Round "5"]
[White "Tao, Sihan"]
[Black "Tatarinov, Dmitry"]
[Result "1-0"]
[WhiteTitle "FM"]
[BlackTitle "FM"]
[WhiteElo "2202"]
[BlackElo "2318"]
[WhiteFideId "30982677"]
[BlackFideId "24160067"]
[EventDate "2025.07.01"]

1. d4 Nf6 2. c4 e6 3. g3 c5 4. Nf3 cxd4 5. Nxd4 d5 6. Bg2 dxc4 7. O-O Bc5 8. Nb5
a6 9. Qxd8+ Kxd8 10. Rd1+ Ke7 11. N5c3 Ra7 12. a4 b6 13. Nd2 Rd8 14. Nxc4 Rxd1+
15. Nxd1 Rd7 16. Be3 Bxe3 17. Ndxe3 Bb7 18. Nxb6 Rc7 19. b4 Bxg2 20. Kxg2 Rb7
21. a5 Nc6 22. Rb1 Nd7 23. Nec4 Nxb6 24. axb6 f5 25. b5 axb5 26. Rxb5 g5 27. e3
g4 28. h3 h5 29. hxg4 hxg4 30. Kf1 Kd7 31. Ke2 Ne7 32. Na5 Rb8 33. b7 Nc6 34.
Nxc6 Kxc6 35. Rb2 Rxb7 36. Rxb7 Kxb7 37. e4 Kc6 38. Ke3 Kd6 39. Kf4 fxe4 40.
Kxe4 e5 41. Kf5 Kd5 42. Kxg4 Ke4 43. f4 Kd5 44. fxe5 Kxe5 45. Kg5 Ke6 46. Kg6
Ke7 47. Kg7 Ke8 1-0

[Event "Titled Tue 1st Jul Late"]
[Site "chess.com INT"]
[Date "2025.07.01"]
[Round "5"]
[White "Castillo Pena, Patricia Evarista"]
[Black "Simonovic, Miroslav"]
[Result "1-0"]
[WhiteTitle "WFM"]
[BlackTitle "CM"]
[WhiteElo "1909"]
[BlackElo "2092"]
[WhiteFideId "6412106"]
[BlackFideId "919152"]
[EventDate "2025.07.01"]

1. d4 Nf6 2. Nf3 c5 3. e3 b6 4. Bd3 Bb7 5. b3 g6 6. Bb2 Bg7 7. O-O O-O 8. Nbd2
d6 9. c4 Nbd7 10. Qe2 Re8 11. d5 e5 12. e4 h6 13. a3 a5 14. Rab1 Qe7 15. Bc3 Kh7
16. b4 cxb4 17. axb4 a4 18. Ra1 Nh5 19. g3 Ra7 20. Qd1 Rea8 21. Qc2 Bc8 22. Ra3
Nf8 23. Rfa1 Bd7 24. b5 g5 25. Rxa4 Rxa4 26. Rxa4 Rxa4 27. Qxa4 Bf6 28. Qa7 Qd8
29. Bb4 Be8 30. Nf1 g4 31. N3d2 Ng7 32. Ne3 h5 33. Nf5 Nxf5 34. exf5 Be7 35. f6+
Ng6 36. fxe7 Qd7 37. Qxd7 Bxd7 38. Bf5 Be8 39. Bxd6 Kg7 40. Bxg6 Kxg6 41. Bxe5
Kf5 42. Bd4 Bd7 43. Bxb6 Kf6 44. d6 Ke5 45. Bc7 Ke6 46. Kg2 f5 47. f3 Bc8 48.
fxg4 fxg4 49. e8=Q+ Kf5 50. Qxc8+ 1-0

[Event "Titled Tue 1st Jul Late"]
[Site "chess.com INT"]
[Date "2025.07.01"]
[Round "5"]
[White "Mardov, Dimitar"]
[Black "Niemann, Hans Moke"]
[Result "0-1"]
[WhiteTitle "IM"]
[BlackTitle "GM"]
[WhiteElo "2506"]
[BlackElo "2736"]
[WhiteFideId "30919495"]
[BlackFideId "2093596"]
[EventDate "2025.07.01"]

1. Nf3 d5 2. e3 c5 3. b3 Nf6 4. Bb2 Nc6 5. Bb5 Bd7 6. Bxc6 Bxc6 7. Ne5 Rc8 8.
O-O e6 9. d3 Bd6 10. Nd2 O-O 11. Qe2 Bxe5 12. Bxe5 Nd7 13. Bb2 e5 14. e4 Re8 15.
a4 Nf8 16. Qg4 Ng6 17. Rfe1 Bd7 18. Qg3 d4 19. Nc4 Qf6 20. Bc1 h6 21. Rf1 Nf4
22. Bxf4 exf4 23. Qf3 Rc6 24. e5 Qg5 25. Rae1 Rg6 26. Nd6 Bc6 27. Ne4 Qxe5 28.
g3 f5 29. Qh5 Rge6 30. gxf4 Qd5 31. Nf6+ Rxf6 32. Rxe8+ Kh7 33. f3 Rg6+ 34. Kf2
Bxe8 0-1

[Event "Titled Tue 1st Jul Late"]
[Site "chess.com INT"]
[Date "2025.07.01"]
[Round "5"]
[White "Vazelakis, Dimitrios"]
[Black "Rabin, Evan"]
[Result "0-1"]
[WhiteElo "1857"]
[BlackElo "1945"]
[WhiteFideId "4203674"]
[BlackFideId "2028670"]
[EventDate "2025.07.01"]

1. d4 Nf6 2. Nf3 e6 3. g3 b6 4. Bg2 Bb7 5. O-O Be7 6. c4 O-O 7. Nc3 Ne4 8. Nxe4
Bxe4 9. Nh4 Bxg2 10. Nxg2 d5 11. Qa4 Qd7 12. Qxd7 Nxd7 13. cxd5 exd5 14. Be3 c5
15. Rfd1 c4 16. Rac1 Nf6 17. b3 b5 18. a4 a6 19. axb5 axb5 20. bxc4 bxc4 21. Bg5
Ba3 22. Rc2 Ne4 23. Bf4 Be7 24. f3 Nf6 25. e4 dxe4 26. fxe4 Nxe4 27. Rxc4 Rfd8
28. Ne3 g5 29. Bc7 Rd7 30. Nf5 Bf8 31. d5 Nf6 32. d6 Ne8 33. Rd5 Rc8 34. Ne3 f6
35. Rf5 Kf7 36. Re4 Bxd6 37. Ba5 Rc5 38. Rxc5 Bxc5 39. Kg2 Nd6 40. Rc4 Bxe3 41.
Bb4 Nxc4 0-1

[Event "Titled Tue 1st Jul Late"]
[Site "chess.com INT"]
[Date "2025.07.01"]
[Round "5"]
[White "Ibarra Carlos Roberto"]
[Black "Kurpiewski, Slawomir"]
[Result "1-0"]
[WhiteTitle "FM"]
[BlackTitle "CM"]
[WhiteElo "2116"]
[BlackElo "1973"]
[WhiteFideId "6707173"]
[BlackFideId "1114530"]
[EventDate "2025.07.01"]

1. d4 f5 2. Bf4 Nf6 3. e3 g6 4. Nf3 Bg7 5. Bd3 O-O 6. O-O d6 7. c4 Qe8 8. Nc3
Nh5 9. Bg3 Nxg3 10. hxg3 c6 11. Re1 e5 12. dxe5 dxe5 13. Bf1 Na6 14. a3 Be6 15.
Qc2 h6 16. Red1 Qf7 17. b3 Rad8 18. Rxd8 Rxd8 19. Rd1 Rxd1 20. Nxd1 Qd7 21. Nc3
e4 22. Nd2 Nc5 23. b4 Nd3 24. Ne2 Be5 25. Nc1 Nxc1 26. Qxc1 Qg7 27. c5 Bb2 28.
Qc2 Bxa3 29. Bc4 Bxc4 30. Nxc4 Qa1+ 31. Kh2 Qc1 32. Qb3 Kg7 33. Nxa3 Qd2 34. Nc4
Qxf2 35. Qc3+ Kh7 36. Nd6 h5 37. Ne8 Kh6 38. Qg7+ Kg5 39. Qf6+ Kh6 40. Nd6 1-0

[Event "Titled Tue 1st Jul Late"]
[Site "chess.com INT"]
[Date "2025.07.01"]
[Round "5"]
[White "Brancaleoni, Maurizio"]
[Black "Hernandez Samayoa, Dilan Alexander"]
[Result "1-0"]
[WhiteTitle "FM"]
[WhiteElo "2185"]
[BlackElo "2006"]
[WhiteFideId "803022"]
[BlackFideId "7306679"]
[EventDate "2025.07.01"]

1. Nf3 c5 2. c3 Nf6 3. d4 cxd4 4. cxd4 d5 5. Nc3 e6 6. Bf4 Bd6 7. e3 O-O 8. Bd3
Nc6 9. O-O Qe7 10. Bg5 h6 11. Bh4 Nb4 12. Be2 Bd7 13. Ne5 Rfd8 14. f4 Rac8 15.
Rc1 Nc6 16. Bd3 Na5 17. Qe2 a6 18. Rf3 b5 19. Ng4 b4 20. Nxf6+ Kh8 21. Rg3 bxc3
22. bxc3 Bb5 23. Bxb5 axb5 24. Qh5 Qf8 25. Ng4 b4 26. Bxd8 Rxd8 27. cxb4 Bxb4
28. Ne5 Nc4 29. Nxf7+ Kh7 30. Qg6+ Kg8 31. Nxh6+ Kh8 32. Nf7+ Kg8 33. Nxd8 Bd2
34. Nxe6 Qf7 35. Qxf7+ Kxf7 36. Ng5+ Kf6 1-0

[Event "Titled Tue 1st Jul Late"]
[Site "chess.com INT"]
[Date "2025.07.01"]
[Round "5"]
[White "Svane, Frederik"]
[Black "Piliposyan, Robert"]
[Result "0-1"]
[WhiteTitle "GM"]
[BlackTitle "IM"]
[WhiteElo "2667"]
[BlackElo "2416"]
[WhiteFideId "12923044"]
[BlackFideId "13309978"]
[EventDate "2025.07.01"]

1. e4 e5 2. Nf3 Nc6 3. Bc4 Nf6 4. d3 h6 5. a3 d6 6. Nc3 g6 7. Be3 Bg7 8. Qd2 Ng4
9. h3 Nxe3 10. fxe3 O-O 11. O-O Kh7 12. d4 f5 13. exf5 Bxf5 14. g4 Bd7 15. Rf2
exd4 16. exd4 Nxd4 17. Nxd4 Qh4 18. Raf1 Qxh3 19. Rg2 Be5 20. Nd5 Rxf1+ 21. Bxf1
Rf8 22. c3 Bh2+ 0-1

[Event "Titled Tue 1st Jul Late"]
[Site "chess.com INT"]
[Date "2025.07.01"]
[Round "5"]
[White "Sabuk, Piotr"]
[Black "Jimenez Salas, Maria Teresa"]
[Result "1-0"]
[WhiteTitle "IM"]
[BlackTitle "WIM"]
[WhiteElo "2321"]
[BlackElo "2170"]
[WhiteFideId "1137565"]
[BlackFideId "3843866"]
[EventDate "2025.07.01"]

1. d4 d5 2. c4 c6 3. Nf3 Nf6 4. g3 Bf5 5. Nc3 e6 6. Nh4 Be4 7. f3 Bg6 8. Qb3 Qb6
9. Nxg6 hxg6 10. c5 Qxb3 11. axb3 Nbd7 12. b4 a6 13. b5 cxb5 14. Nxb5 Rc8 15.
Nc3 Be7 16. e3 Nb8 17. b4 Nc6 18. b5 axb5 19. Bxb5 O-O 20. Bd2 Ra8 21. Kf2 Rfc8
22. Rhb1 Ne8 23. Be2 Rxa1 24. Rxa1 Rb8 25. Rb1 Nf6 26. g4 Nd7 27. Kg2 Na7 28.
Be1 b6 29. Bg3 e5 30. Nxd5 Kf8 31. Ra1 Nc6 32. Bb5 bxc5 33. Bxc6 cxd4 34. Bxd7
dxe3 35. Nxe3 f6 36. Bc6 Bc5 37. Nc4 Bd4 38. Ra8 Rc8 39. Rxc8+ 1-0

[Event "Titled Tue 1st Jul Late"]
[Site "chess.com INT"]
[Date "2025.07.01"]
[Round "5"]
[White "Reprintsev, Alexander"]
[Black "Guerrero Cataldo, Juan Andres"]
[Result "1-0"]
[WhiteTitle "IM"]
[BlackTitle "CM"]
[WhiteElo "2256"]
[BlackElo "2082"]
[WhiteFideId "14100541"]
[BlackFideId "3421260"]
[EventDate "2025.07.01"]

1. e4 c6 2. Nf3 d5 3. e5 Bf5 4. Nh4 Bc8 5. d4 e6 6. Nf3 c5 7. Be3 cxd4 8. Nxd4
Nc6 9. Bb5 Bd7 10. Nc3 a6 11. Nxc6 bxc6 12. Be2 c5 13. Bf4 Rb8 14. Rb1 Qa5 15.
O-O Ne7 16. h4 h6 17. h5 g5 18. hxg6 Nxg6 19. Bg3 Be7 20. Bh5 Nh4 21. Bxh4 Bxh4
22. Qf3 Rf8 23. a3 Be7 24. Ne2 Qc7 25. Nf4 Qxe5 26. Rbe1 Qg5 27. Nxe6 Bxe6 28.
Rxe6 Kd7 29. Rxa6 Bd6 30. g3 Rbc8 31. Rd1 d4 32. Kg2 f5 33. Qd5 Rf6 34. Bf3 f4
35. Ra7+ Rc7 36. Qc6+ Kd8 37. Ra8+ Ke7 1-0

[Event "Titled Tue 1st Jul Late"]
[Site "chess.com INT"]
[Date "2025.07.01"]
[Round "5"]
[White "Hariharan, Shambavi"]
[Black "Rees, Ioan"]
[Result "0-1"]
[WhiteTitle "WCM"]
[BlackTitle "FM"]
[WhiteElo "1936"]
[BlackElo "2280"]
[WhiteFideId "488160"]
[BlackFideId "1801236"]
[EventDate "2025.07.01"]

1. Nf3 d5 2. g3 g6 3. Bg2 Bg7 4. O-O e5 5. d3 Nc6 6. Nbd2 Nge7 7. e4 O-O 8. Re1
d4 9. a4 h6 10. Nc4 Be6 11. b3 Qd7 12. Nh4 a6 13. Rf1 b5 14. Nd2 Kh7 15. f4 exf4
16. gxf4 f5 17. Qf3 Rab8 18. Qg3 Rg8 19. Kh1 Bf6 20. Ndf3 fxe4 21. dxe4 d3 22.
Ra2 bxa4 23. Rxa4 dxc2 24. e5 Bxh4 25. Nxh4 Rxb3 26. Qf2 Nf5 27. Rxa6 Bd5 28.
Qd2 Bxg2+ 29. Nxg2 Qxd2 30. Bxd2 Nb4 31. Bxb4 Rxb4 32. Rc6 Rb1 33. Kg1 Nd4 34.
Rc4 Ne2+ 35. Kf2 Rxf1+ 36. Kxe2 c1=Q 0-1

[Event "Titled Tue 1st Jul Late"]
[Site "chess.com INT"]
[Date "2025.07.01"]
[Round "5"]
[White "Tasic, Vladimir"]
[Black "Faryma, Matviy"]
[Result "1-0"]
[WhiteElo "2208"]
[BlackElo "2230"]
[WhiteFideId "919667"]
[BlackFideId "1961578"]
[EventDate "2025.07.01"]

1. e4 e5 2. Nf3 Nf6 3. d4 Nxe4 4. Bd3 d5 5. Nxe5 Bd6 6. O-O O-O 7. c4 c6 8. Nc3
Nd7 9. Nxd7 Bxd7 10. cxd5 cxd5 11. Qf3 Bc6 12. g3 f5 13. Bf4 Bxf4 14. Qxf4 Qf6
15. Qe5 Qxe5 16. dxe5 d4 17. Ne2 Nd2 18. Nxd4 Nxf1 19. Nxc6 bxc6 20. Rxf1 g6 21.
Bc4+ Kg7 22. e6 Kf6 23. b3 Rfd8 24. Re1 Ke7 25. Re5 Rd2 26. a4 a5 27. h4 Kd6 28.
Re3 Re8 29. Kg2 Re7 30. Kf3 Kc5 31. Re5+ Kb4 32. Ke3 Rc2 33. f3 Rc3+ 34. Kf4 c5
35. Re3 Rxe3 36. Kxe3 Kc3 37. Kf4 Kd4 38. g4 fxg4 39. fxg4 Rc7 40. Bb5 Rb7 41.
Bd7 Kd5 42. e7 Rxd7 43. e8=Q Rd6 44. Qe4# 1-0

[Event "Titled Tue 1st Jul Late"]
[Site "chess.com INT"]
[Date "2025.07.01"]
[Round "5"]
[White "Stefansson, Vignir Vatnar"]
[Black "Bogdanov, Artyom"]
[Result "1-0"]
[WhiteTitle "GM"]
[BlackTitle "FM"]
[WhiteElo "2515"]
[BlackElo "2370"]
[WhiteFideId "2308649"]
[BlackFideId "13749200"]
[EventDate "2025.07.01"]

1. e4 e5 2. Nf3 d6 3. d4 exd4 4. Nxd4 Nc6 5. Nc3 Be7 6. Bb5 Bd7 7. Bxc6 bxc6 8.
O-O Nf6 9. Bf4 O-O 10. e5 dxe5 11. Bxe5 c5 12. Ndb5 Ne8 13. Qf3 a6 14. Na3 Nd6
15. Rfe1 Re8 16. Rad1 Bf8 17. Nd5 Be6 18. Nf6+ gxf6 19. Bxf6 Qc8 20. Qg3+ Bg4
21. f3 Qf5 22. Qxg4+ Qxg4 23. fxg4 c4 24. Be5 Nb5 25. Nxc4 Re6 26. a4 Rae8 27.
Kf1 Rc6 28. b3 Na7 29. Rd5 Nc8 30. Bd4 Rxe1+ 31. Kxe1 Ne7 32. Rc5 Re6+ 33. Kd2
Nc6 34. Rg5+ Rg6 35. Be3 f6 36. Rxg6+ hxg6 37. Bf4 1-0

[Event "Titled Tue 1st Jul Late"]
[Site "chess.com INT"]
[Date "2025.07.01"]
[Round "5"]
[White "Shapiro, Daniel"]
[Black "Baches Garcia, Guillermo"]
[Result "0-1"]
[WhiteTitle "FM"]
[BlackTitle "IM"]
[WhiteElo "2284"]
[BlackElo "2305"]
[WhiteFideId "2001780"]
[BlackFideId "2209764"]
[EventDate "2025.07.01"]

1. d4 b6 2. e4 e6 3. Nd2 Bb7 4. Ngf3 g6 5. Bd3 Bg7 6. Qe2 Ne7 7. h4 h6 8. e5 d6
9. Ne4 Nbc6 10. Bf4 Nd5 11. Bg3 dxe5 12. dxe5 Ndb4 13. Rd1 Nxd3+ 14. Rxd3 Qe7
15. Re3 O-O 16. h5 g5 17. Nfxg5 hxg5 18. h6 Bxe5 19. h7+ Kh8 20. Bxe5+ Nxe5 21.
Nxg5 Qxg5 22. f3 Qg3+ 23. Kf1 Ng6 24. Qc4 Qf4 25. Qc3+ e5 26. Kf2 Rad8 27. g3
Qd4 28. Qxd4 Rxd4 29. Ke2 Rfd8 0-1

[Event "Titled Tue 1st Jul Late"]
[Site "chess.com INT"]
[Date "2025.07.01"]
[Round "5"]
[White "Gerbelli Neto, Eduardo"]
[Black "Abdulkadir Mohamed Warsame"]
[Result "1-0"]
[WhiteElo "2114"]
[BlackElo "2001"]
[WhiteFideId "2103281"]
[BlackFideId "16100913"]
[EventDate "2025.07.01"]

1. e4 c6 2. d4 d5 3. exd5 cxd5 4. c4 Nc6 5. Nc3 Nf6 6. Nf3 a6 7. h3 Be6 8. c5 g6
9. Be2 Bg7 10. O-O O-O 11. a3 Ne4 12. Na4 f6 13. Nb6 Ra7 14. b4 Bf7 15. Bb2 e5
16. Bd3 a5 17. b5 Nxd4 18. Nxd4 exd4 19. Bxd4 f5 20. Bxe4 dxe4 21. Bxg7 Kxg7 22.
Qxd8 Rxd8 23. Rfd1 Re8 24. Rd7 Kf6 25. Rad1 Re5 26. c6 Rxb5 27. c7 Rxb6 28. c8=Q 1-0

[Event "Titled Tue 1st Jul Late"]
[Site "chess.com INT"]
[Date "2025.07.01"]
[Round "5"]
[White "Mizzi, Jack"]
[Black "Mulawa, Cyprian"]
[Result "0-1"]
[WhiteTitle "CM"]
[BlackTitle "FM"]
[WhiteElo "2107"]
[BlackElo "2324"]
[WhiteFideId "5602521"]
[BlackFideId "21001855"]
[EventDate "2025.07.01"]

1. d4 Nf6 2. c4 g6 3. Nf3 Bg7 4. g3 O-O 5. Bg2 d6 6. O-O Nc6 7. Qc2 Bf5 8. Qb3
Qc8 9. Nbd2 e5 10. d5 Ne7 11. Ne1 Bh3 12. e4 Bxg2 13. Kxg2 Nd7 14. Nd3 a5 15. f4
f5 16. fxe5 Nxe5 17. Nxe5 Bxe5 18. Nf3 fxe4 19. Nxe5 Rxf1 20. Kxf1 Qf5+ 21. Kg2
Qxe5 22. Qxb7 Rf8 23. Bh6 Re8 24. Bf4 Qd4 25. Re1 Qxc4 26. Bxd6 cxd6 27. Qd7 Qc8
28. Qxd6 Qf5 29. Qe6+ Qxe6 30. dxe6 Rb8 31. Rxe4 Rxb2+ 32. Kh3 Rxa2 33. Rf4 Re2
34. Ra4 Nc6 35. Rc4 Rxe6 36. Rc5 Kf7 37. Kh4 Ke7 38. g4 Kd6 39. Rc1 a4 40. Kg5
Re4 41. h3 a3 42. Kh6 Re7 43. Rd1+ Kc5 44. Rc1+ Kd5 45. Ra1 Ra7 46. h4 a2 47. g5
Nd4 48. Rd1 a1=Q 49. h5 Qxd1 50. hxg6 Nf5# 0-1

[Event "Titled Tue 1st Jul Late"]
[Site "chess.com INT"]
[Date "2025.07.01"]
[Round "5"]
[White "Logvinov, Petro"]
[Black "Donoso Aguirre, Maximiliano"]
[Result "1-0"]
[WhiteTitle "FM"]
[BlackTitle "CM"]
[WhiteElo "2190"]
[BlackElo "2050"]
[WhiteFideId "14176661"]
[BlackFideId "3458920"]
[EventDate "2025.07.01"]

1. e4 e5 2. Nf3 Nc6 3. Bc4 Bc5 4. d3 Nf6 5. c3 a6 6. Nbd2 d6 7. O-O O-O 8. Bb3
h6 9. h3 Re8 10. Re1 Be6 11. Nf1 d5 12. exd5 Bxd5 13. Ng3 Qd7 14. Bc2 Rad8 15.
b4 Ba7 16. a4 Bxf3 17. Qxf3 Qd5 18. Qe2 a5 19. b5 Nb8 20. Nf5 Nbd7 21. Be3 Bxe3
22. Qxe3 Nf8 23. Rab1 b6 24. Qg3 g6 25. Nxh6+ Kh7 26. Qh4 Kg7 27. Bb3 Qxd3 28.
Nxf7 N8h7 29. Qh6+ Kg8 30. Nxd8+ 1-0

[Event "Titled Tue 1st Jul Late"]
[Site "chess.com INT"]
[Date "2025.07.01"]
[Round "5"]
[White "Kravtsiv, Martyn"]
[Black "Novosel, Lovro"]
[Result "1-0"]
[WhiteTitle "GM"]
[BlackTitle "FM"]
[WhiteElo "2598"]
[BlackElo "2338"]
[WhiteFideId "14113147"]
[BlackFideId "14547120"]
[EventDate "2025.07.01"]

1. e4 c5 2. Nc3 d6 3. f4 Nf6 4. Nf3 e6 5. d4 cxd4 6. Qxd4 Nc6 7. Qf2 Be7 8. Bd3
a6 9. O-O b5 10. Kh1 Bb7 11. Qg3 g6 12. a3 b4 13. axb4 Nxb4 14. Be3 Nxd3 15.
cxd3 d5 16. e5 Nd7 17. Bd4 O-O 18. Ng5 Nb8 19. Na4 Bxg5 20. fxg5 Nc6 21. Bc5 Re8
22. d4 a5 23. Rf6 Ba6 24. h4 Ne7 25. Bxe7 Qxe7 26. Nc5 Bb5 27. Ra3 a4 28. Raf3
Rf8 29. h5 Be2 30. hxg6 Bxf3 31. gxh7+ Kh8 32. Qxf3 Rab8 33. Qf4 Rxb2 34. g6
Rb1+ 35. Kh2 Kg7 36. gxf7 Rxf7 37. Rxf7+ Qxf7 38. h8=Q+ 1-0

[Event "Titled Tue 1st Jul Late"]
[Site "chess.com INT"]
[Date "2025.07.01"]
[Round "5"]
[White "Klys, Kacper"]
[Black "Kjaergaard-Jensen, Jesper"]
[Result "1-0"]
[WhiteTitle "CM"]
[BlackTitle "CM"]
[WhiteElo "2218"]
[BlackElo "2081"]
[WhiteFideId "21005281"]
[BlackFideId "1406990"]
[EventDate "2025.07.01"]

1. d4 Nf6 2. Nf3 d6 3. c4 c6 4. Nc3 Bf5 5. Nh4 e6 6. Nxf5 exf5 7. Qd3 g6 8. g3
Bg7 9. Bg2 O-O 10. O-O Nbd7 11. Bf4 d5 12. c5 Re8 13. f3 Nh5 14. Be3 Qe7 15. Bf2
f4 16. g4 Nhf6 17. Qd2 g5 18. h4 h6 19. h5 Qe6 20. Kh2 Nxg4+ 21. fxg4 Qxg4 22.
Bf3 Qf5 23. Qd3 Qxd3 24. exd3 Nf6 25. Kh3 Bf8 26. b4 Kg7 27. Rfe1 Rxe1 28. Rxe1
a5 29. b5 a4 30. b6 a3 31. Bg4 Ra5 32. Bc8 g4+ 33. Bxg4 Bxc5 34. dxc5 d4 35.
Bxd4 1-0

[Event "Titled Tue 1st Jul Late"]
[Site "chess.com INT"]
[Date "2025.07.01"]
[Round "5"]
[White "Garcia Correa, Jose Ricardo"]
[Black "Baker, Aidan"]
[Result "0-1"]
[WhiteTitle "FM"]
[WhiteElo "2103"]
[BlackElo "2130"]
[WhiteFideId "5101832"]
[BlackFideId "30981565"]
[EventDate "2025.07.01"]

1. e4 c5 2. Nf3 d6 3. d4 cxd4 4. Nxd4 Nf6 5. Nc3 Nc6 6. Bc4 e6 7. Be3 a6 8. f3
Bd7 9. Qe2 Be7 10. g4 O-O 11. O-O-O b5 12. Bd3 b4 13. Nb1 Nxd4 14. Bxd4 Qa5 15.
a3 bxa3 16. Nxa3 d5 17. Nb1 dxe4 18. fxe4 e5 19. Bc3 Qc5 20. Rhg1 Bb5 21. g5 Ne8
22. Qh5 g6 23. Qg4 Nd6 24. Rg3 Rac8 25. h4 Bxd3 26. Rgxd3 Qc4 27. Rxd6 Bxd6 28.
Rxd6 Rfd8 29. Nd2 Qc5 30. Rxd8+ Rxd8 31. Qg3 Re8 32. Kb1 Qd6 33. Nc4 Qd1+ 34.
Ka2 Qxc2 35. Nxe5 Qa4+ 36. Kb1 Qxe4+ 37. Qd3 Rxe5 0-1

[Event "Titled Tue 1st Jul Late"]
[Site "chess.com INT"]
[Date "2025.07.01"]
[Round "5"]
[White "Yeager, Daniel"]
[Black "Papacek, Stepan"]
[Result "1-0"]
[WhiteTitle "FM"]
[BlackTitle "FM"]
[WhiteElo "2280"]
[BlackElo "2225"]
[WhiteFideId "2029049"]
[BlackFideId "301035"]
[EventDate "2025.07.01"]

1. d4 e6 2. c4 d5 3. Nf3 Nf6 4. g3 Be7 5. Bg2 O-O 6. O-O dxc4 7. Qc2 b6 8. Ne5
Qxd4 9. Nxc4 Nd5 10. Rd1 Qf6 11. a3 c6 12. e4 Nc7 13. Bf4 Nb5 14. Bxb8 Rxb8 15.
e5 Qg6 16. Qxg6 fxg6 17. Bxc6 Nc7 18. Nc3 Bc5 19. Ne4 Ba6 20. Ncd6 h6 21. b4
Bxd6 22. exd6 Nd5 23. b5 Bb7 24. Rac1 Rfd8 25. d7 1-0

[Event "Titled Tue 1st Jul Late"]
[Site "chess.com INT"]
[Date "2025.07.01"]
[Round "5"]
[White "Firouzja, Alireza"]
[Black "Ambartsumian, Tyhran"]
[Result "1-0"]
[WhiteTitle "GM"]
[BlackTitle "CM"]
[WhiteElo "2766"]
[BlackElo "2244"]
[WhiteFideId "12573981"]
[BlackFideId "34161112"]
[EventDate "2025.07.01"]

1. e4 e5 2. Nf3 Nc6 3. Bb5 a6 4. Ba4 Nf6 5. O-O Be7 6. Re1 b5 7. Bb3 O-O 8. a4
b4 9. d4 d6 10. dxe5 Nxe5 11. Nbd2 Bb7 12. Nd4 Nfd7 13. Nf1 Nc5 14. Ng3 Nxb3 15.
cxb3 Bf6 16. Bf4 Re8 17. Qd2 Ng6 18. Be3 Bxe4 19. Nxe4 Rxe4 20. Nc6 Qd7 21. Nxb4
Nh4 22. h3 Qf5 23. Qd5 Rae8 24. Qxf5 Nxf5 25. Nxa6 Bxb2 26. Nxc7 Rc8 27. Ra2 Bd4
28. Nb5 Bxe3 29. fxe3 Rc5 30. Rf2 g6 31. g4 Nh4 32. Nxd6 Re6 33. Nc4 h5 34. Kh2
hxg4 35. hxg4 g5 36. Kg3 Ng6 37. Ref1 Rc7 38. Rf5 Kg7 39. Rxg5 Kh6 40. Rgf5 Kg7
41. e4 Rxe4 42. Rxf7+ Rxf7 43. Rxf7+ Kh6 44. Nd6 Re3+ 45. Rf3 Re6 46. Nf5+ Kg5
47. Nd4 Re4 48. Rf5+ Kh6 49. Nf3 Re3 50. Rb5 Kg7 51. a5 1-0